Liste Chronologique du Marvel Cinematic Univers - Statistiques

Statistiques générales
  • Ce quiz a été pris 427 fois
  • Le résultat moyen est 21 sur 51
Statistiques - réponses
Date de sortie Noms % Correct
2008 Iron Man
95%
2010 Iron Man 2
86%
2013 Iron Man 3
83%
2011 Thor
83%
2012 Avengers
82%
2019 Captain Marvel
73%
2019 Avengers endgame
68%
2015 Avengers : l'ère d'ultron
67%
2018 Avengers Infinity war
64%
2017 Thor Ragnarok
64%
2015 Ant-Man
62%
2008 L'incroyable Hulk
61%
2021 Black Widow
59%
2016 Captain America : Civil War
58%
2017 Spider-Man Homecoming
58%
2018 Ant-Man et la guêpe
57%
2016 Doctor Strange
57%
2019 Spider-Man Far From Home
57%
2013 Thor : le monde des ténèbres
57%
2014 Captain America : le soldat de l'hiver
56%
2021 Spider-Man No Way Home
54%
2022 Thor Love and Thunder
53%
2011 Captain America : First Avengers
49%
2021 Loki
42%
2022 Black panther : Wakanda Forever
39%
2021 Wandavision
39%
2021 Les Éternels
38%
2021 Hawkeye
36%
2017 Les Gardiens de la Galaxie Vol 2
33%
2022 Doctor Strange in the multiverse of madness
30%
2014 Les Gardiens de la Galaxie Vol 1
30%
2022 She Hulk
29%
2022 Moon Knight
28%
2023 Les Gardiens de la galaxie Vol 3
26%
2022 Miss Marvel
25%
2021 Falcon et le soldat de l'hiver
24%
2023 The Marvels
24%
2021 Shang-Chi et la légende des dix anneaux
23%
2023 Thunderbolt
17%
2024 Les 4 fantastiques
15%
2025 Avengers Secret Wars
12%
2023 Secret invasion
11%
2023 Echo
9%
2023 Blade
8%
2025 Avengers Kang Dynasty
7%
2024 DareDevil Born Again
6%
2023 IronHeart
6%
2023 Loki 2
4%
2023 Ant-Man et la Guêpe : Quantunamia
2%
2023 Agatha House of Harkness
1%
2023 Captain America : le nouvel ordre du monde
1%
Aucun quiz correspondant
Distribution des résultats
% des personnes avec chaque résultat
Percentile par nombre de réponses
Votre historique - résultats
Vous n’avez pas pris ce quiz